| Tag |
First Indicator |
Second Indicator |
Subfields |
| LEADER |
00000cam a22000008a 4500 |
| 001 |
in00000077779 |
| 005 |
20151008053840.0 |
| 008 |
810617s1981 pau br 00000 eng |
| 010 |
|
|
|a 81006594
|
| 020 |
|
|
|a 0879334088
|
| 035 |
|
|
|a (OCoLC)07576219
|
| 035 |
|
|
|9 AAH8844AM
|
| 039 |
0 |
|
|a 2
|b 3
|c 3
|d 3
|e 3
|
| 040 |
|
|
|a DLC
|c DLC
|d TXA
|d UtOrBLW
|
| 049 |
|
|
|a TXAM
|c [1803480]
|
| 050 |
0 |
0 |
|a QE522
|b .V92
|
| 082 |
0 |
|
|a 551.2/1
|2 19
|
| 092 |
|
|
|a 551.21
|b V
|
| 245 |
0 |
0 |
|a Volcanoes of the world :
|b a regional directory, gazetteer, and chronology of volcanism during the last 10,000 years /
|c Tom Simkin [and others].
|
| 263 |
|
|
|a 8107
|
| 264 |
|
1 |
|a Stroudsburg, Pa. :
|b Hutchison Ross Pub. Co. :
|c [1981]
|
| 264 |
|
2 |
|a Stroudsburg, Pa. :
|b Distributed world wide by Academic Press,
|
| 264 |
|
4 |
|c ©1981
|
| 300 |
|
|
|a viii, 232 pages ;
|c 29 cm.
|
| 336 |
|
|
|a text
|b txt
|2 rdacontent
|
| 337 |
|
|
|a unmediated
|b n
|2 rdamedia
|
| 338 |
|
|
|a volume
|b nc
|2 rdacarrier
|
| 500 |
|
|
|a At head of title: Smithsonian Institution.
|
| 504 |
|
|
|a Bibliography: pages 217-232.
|
| 650 |
|
0 |
|a Volcanoes.
|
| 700 |
1 |
|
|a Simkin, T.
|
| 710 |
2 |
|
|a Smithsonian Institution.
|
| 999 |
|
|
|a MARS
|
| 999 |
f |
f |
|s 88574af0-09d3-3b30-9f29-36d5f1c4bcf7
|i 9c0298ea-2c5e-38af-a813-749007cdec07
|t 0
|
| 952 |
f |
f |
|p ric
|a Texas A&M University
|b Rellis Campus
|c Joint Library Facility
|s JLF
|d Remote Storage
|t 0
|e QE522 .V92
|h Library of Congress classification
|i unmediated -- volume
|m A14806215189
|
| 952 |
f |
f |
|a Texas A&M University
|b College Station
|c Sterling C. Evans Library
|s Evans halb
|d Halbouty Reading Rm (Halbouty Bldg 173) (Does not check out)
|t 0
|e 551.21 V
|h Dewey Decimal classification
|
| 998 |
f |
f |
|a QE522 .V92
|t 0
|l Remote Storage
|
| 998 |
f |
f |
|a 551.21 V
|t 0
|l Halbouty Reading Rm (Halbouty Bldg 173) (Does not check out)
|